=LDR 00000nam 2200000 4500 =001 INLIS000000000017540 =005 20130612112742 =008 ************************************* =035 ##$$0010-061300000017540 =082 ##$$a 128.5 =090 ##$$a 128.1, Kun a =100 ##$$a Kuncoro, Bambang Heri =245 ##$$a Air sebagai sumber kehidupan, Bambang Heri Kuncoro =260 ##$$a 1999 $b Solo =300 ##$$a vi, 42 hlm, 23 cm =650 ##$$a Kehidupan =850 ##$$a NBPNMAT